000 01240nam a2200289 i 4500
003 EG-GICUC
005 20260121101532.0
008 251222s1997 ua ||||fr|||| 00| 0 ara d
040 _a EG-GICUC
_bara
_c EG-GICUC
_d EG-GICUC
_erda
041 0 _aara
082 0 4 _221
_a345.4551
_bص ل . ن
092 0 4 _221
099 _aLaw1 07 345.4551 ص ل . ن 1997
100 0 _aصلاح العطيفى
_eمؤلف.
245 1 0 _aنظام التأديب للعاملين بالقطاع العام :
_bفقها وقضاء وطبقا لاحكام القانون رقم 48 لسنة 1978 /
_cصلاح العطيفى.
264 1 _aالقاهرة :
_bمطبعة السلام الحديثة،
_c[1997].
300 _a292 ؛ صفحة
_c24 سم.
336 _2rda content
_atext
337 _2rda media
_aComputer
338 _2rda carrier
_aOnline Resource
504 _aيحتوي على ارجاعات ببليوجرافية
546 _aالنص أغلبه باللغة العربية مع بعض النصوص الفرنسية
650 1 4 _aتاديب العاملين بالقطاع العام
_xالقانون الإداري
_2qrmak
856 4 0 _uhttps://fll.law.cu.edu.eg/fulltext/bks/B07-01526.pdf
905 _a75
942 _2ddc
_cBK
_e21
_n0
999 _c52162
_d52162